000 00842nam a2200265 i 4500
001 181542
003 ES-MaACL
005 20250812223525.0
008 130205s1982 sp |||| | spa d
020 _a84-335-9423-0
080 _a946.0(=927)
100 1 _aArié, Rachel,
_d1924-2018
_922816
245 1 0 _aEspaña musulmana
_b: (siglos VIII-XV) /
_cpor Rachel Arié ; [traducción de Berta Julià].
250 _a1ª ed.
260 _aBarcelona :
_bLabor,
_c1982.
300 _a558 p. :
_bmapas ;
_c22 cm.
490 1 _aHistoria de España ;
_vt. 3
504 _aBibliografía: p. 470-497. Índices.
651 4 _aAl-Andalus-
_xHistoria.
_97609
700 1 _aJulià, Berta.
_967219
830 0 0 _aHistoria de España (Labor)
_vt. 3
_9236395
852 _aES-MaACL
_jL-16749
942 _2udc
999 _c181542
_d181542